000 00448cam a22001577a 4500
008 180718b2011 xxu||||| |||| 00| 0 eng d
020 _a9780199604388
082 _aC41 B397
245 _aGlobal basic rights
_cedited by Charles R. Beitz and Robert E. Goodin
260 _aOxford
_bOxford Univ. Press
_c2011
300 _a256p.
650 _aSocial justice
650 _aHuman rights
700 _aGoodin, Robert E.
700 _aBeitz, Charles R.
999 _c442491
_d442491